| 000 | 01148cam a22002655a 4500 | ||
|---|---|---|---|
| 001 | L143338 | ||
| 008 | 080428s2008 xxkd f 000 0 eng d | ||
| 022 | 1 | _a9780749452742 | |
| 035 | _a(Sirsi) u143338 | ||
| 041 | 0 | _aeng | |
| 050 | 0 | 4 | _a658.45 $2 18 |
| 100 | 1 | _aCarte, Penny | |
| 245 | 0 | 0 |
_aBridging the culture gap _ba practical guide to international business communication |
| 250 | _a2nd ed. | ||
| 260 |
_aLondon _bKogan Page _c2008 |
||
| 300 |
_axiv, 202p. _bill. _c24cm. |
||
| 350 | _a19.99 | ||
| 505 | 2 | _aInterpreting the party line -- Knowing your place -- Knowing the limits -- Knowing the form -- Making presentations -- Making deals -- Making yourself understood in English -- Knowing yourself -- Appendix: false friends | |
| 520 | _aGuide to international business communications covers topics including: sensitivity to other cultures; avoiding hidden dangers and communicating with style. Includes various examples, cultural awareness scales and practical tips. | ||
| 521 | _aAdvanced | ||
| 651 | 4 | _aInternational | |
| 690 | _aMANAGEMENT-BUSINESS MAANGEMENT-PROFESSIONAL PRACTICE | ||
| 700 | 1 | _aFox, Chris | |
| 942 | _n0 | ||
| 999 |
_c108124 _d108124 |
||